| 000 | 01034cam a2200241 4500 | ||
|---|---|---|---|
| 001 | ABS68804 | ||
| 008 | 050318n2005 000 0 eng u | ||
| 035 | _a(Sirsi) u129110 | ||
| 100 | _aBarnard, L. | ||
| 245 | _aMoney matters | ||
| 260 | _c2005 | ||
| 490 |
_aEstates Gazette _v(0509) 5 March 2005, 76-83(7) |
||
| 520 | _aLooks at the 2005 "Estates Gazette/PSD salary and benefits survey". Findings are based on a sample of approximately 2 000 online questionnaire responses. Includes bonuses and salaries, average salary and pay rise by region, salaries by main commercial activity, gender issues, benefits and employment data. Comments on how salaries, pay rises and bonuses are changing and looks a new trend in benefits and flexible benefits packages. Graphs. | ||
| 590 | _aABS | ||
| 650 | _aRATINGS | ||
| 650 | _aSALARIES | ||
| 650 | _aCAREERS, EDUCATION AND TRAINING | ||
| 650 | _aEMPLOYMENT CONDITIONS | ||
| 650 | _aBENEFITS | ||
| 690 | _aMANAGEMENT-BUSINESS MANAGEMENT | ||
| 700 | _aOsborne, H. | ||
| 942 | _n0 | ||
| 999 |
_c74951 _d74951 |
||